000 00338nam a2200157Ia 4500
003 RNL
008 090707b ii f a fnsan d
040 _aRCL
100 _aPadam, Piara Singh, ed.
_926128
245 _aShabadanjali
260 _aAmritsar
260 _bSingh Brothers
260 _c2009
300 _a200p.
942 _cBK
999 _c22726
_d22726